00488nam a22001577a 450000500170000001000150001702000260003203500140005803700130007208200150008510000190010024500770011926000360019627000590023230000390029120220825155838.0 aENG-134658 c990.00a9788192799933 aEN-118190 bDBAD/PUB a309.173092 aReddy, V. Rami aFoundations of Physical Anthropology and Human Evolution/cV. Rami Reddy aAndhra PradeshbV. Indirac2018 a8-30, opp. Vidyanagar, SVUNT Colony,bTirupatie517502 axi, 247p.bBibliographyc22cm(pbk)